[Event "ESP-chT"]
[Site "Ponferrada"]
[Date "1997.08.31"]
[Round "2"]
[White "Illescas Cordoba, Miguel"]
[Black "Tkachiev, Vladislav"]
[Result "1-0"]
[WhiteElo "2585"]
[BlackElo "2615"]
[Annotator "Illescas Cordoba,M"]
[PlyCount "85"]
[EventDate "1997.08.29"]
[EventType "team"]
[EventRounds "9"]
[EventCountry "ESP"]
[SourceTitle "CBM 061"]
[Source "ChessBase"]
[SourceDate "1997.11.23"]
[SourceVersion "1"]
[SourceVersionDate "1997.11.23"]
[SourceQuality "1"]

1. d4 Nf6 2. c4 g6 3. g3 Bg7 4. Bg2 O-O 5. Nc3 d6 6. Nf3 Nc6 7. O-O a6 8. d5
Na5 9. Nd2 c5 10. Rb1 Rb8 11. b3 {[%cal Yg7a1]} b5 12. Qc2 e6 13. Bb2 Re8 14.
e3 $1 $146 h5 $6 {[%cal Yh5h4]} (14... e5 $142 {[%cal Yf7f5]}) 15. dxe6 $1 {
[%cal Gg2a8]} Bxe6 16. Nd5 Bf5 (16... bxc4 17. Bxf6 Bxf6 18. bxc4 $16 {[%csl
Ra5,Ra6,Rf6][%cal Gc2a4]}) (16... h4 17. Nxf6+ Bxf6 18. Bxf6 Qxf6 19. Ne4 Qd8)
17. e4 Be6 {[%cal Ya5c6]} 18. Qc3 $1 {[%csl Rf6]} Bxd5 19. cxd5 {[%csl Ra5]} h4
20. Rfe1 hxg3 21. hxg3 Nh5 22. Qc2 Bxb2 23. Qxb2 Qf6 24. Qxf6 (24. Qa3 $6 {
[%csl Ra3]} Nb7 25. Qxa6 Nxg3) 24... Nxf6 25. Rbc1 (25. f4 Nb7 26. Bf3 Re7 27.
Kf2 Rbe8 $14) (25. f3 $16 {[%csl Ra5][%cal Yg2f1,Gf1a6] /\Bf1,Kf2}) 25... Rb7
26. f3 Rbe7 27. Kf2 Nb7 28. Bf1 {[%csl Ra6]} Rb8 29. Rb1 Na5 30. Rec1 (30. a4
$5) 30... g5 {[%cal Yg5g4] /\g4} 31. b4 $6 (31. g4 $16 {[%csl Ra5,Ra6,Rd6]
[%cal Gc1h1,Gh1h6,Yd2f5] /\Be2,Nf1-g3-f5 פa5}) (31. Bd3 g4 $140 32. f4 $16)
31... Nb7 {[%cal Gb7c5]} 32. bxc5 $2 $138 (32. a4 g4 (32... cxb4 33. Rxb4 Nc5
34. axb5 axb5 35. g4 $16) 33. axb5 axb5 34. Bxb5 gxf3 35. Bc6 $1 (35. Kxf3 cxb4
{[%csl Re4][%cal Gb7c5]} 36. Z0 $140 Nc5 $132) 35... Nd8 36. bxc5 Rxb1 37. Rxb1
Nxc6 38. dxc6 Ng4+ 39. Kxf3 Ne5+ 40. Kf4 dxc5 41. Rb6 $16) (32. g4 $142 $1 cxb4
33. Rc6 $36 {[%csl Ra6,Rd6]}) 32... Nxc5 $132 (32... dxc5 $2 33. a4 $16) 33.
Nc4 $6 (33. g4 $142 Nfd7 34. Be2 Ne5 35. Ke3 $14) 33... Nb7 $1 (33... Rd8 34.
Na5 $5 (34. Nxd6 Rxd6 35. Rxc5 Rxe4 36. Rc6 Ree6 $1 37. Rxa6 Rxa6 38. dxe6
Rxa2+ 39. Ke1 fxe6 40. Rxb5 $11) 34... Rc8 35. Nc6 Rec7 36. g4 $14) 34. Ne3 (
34. Nd2 g4 35. Rc6 gxf3 36. Kxf3 Nc5 $15) 34... g4 $1 $132 {[%csl Re4][%cal
Ge7e4,Gf6e4]} 35. Nf5 Re5 $1 36. Rc7 (36. Bxb5 axb5 37. Rxb5 gxf3 38. Nxd6 Nxd6
39. Rxb8+ Kg7 $15) 36... gxf3 $4 $138 (36... Nxd5 $1 $13 37. Nh6+ (37. Rc6 Nf6
$5 (37... gxf3 38. Kxf3 Nf6 39. Rxa6 Nc5 (39... Nxe4 40. Rxb5 Nd2+ 41. Kg2 Nxf1
42. Rxe5 dxe5 43. Kxf1 Nc5 $11) 40. Rc6 Nfxe4 41. Nxd6 $1 Re6 42. Rxb5 (42. Rc1
$11) 42... Rxb5 43. Rc8+ Kg7 44. Nxb5 Rf6+ 45. Kg2 Rf2+ 46. Kg1 Rxa2 47. Bg2
$11) 38. Rb6 $1 (38. Nxd6 Re6 (38... gxf3 $5) 39. e5 $1 gxf3 40. Bh3 $1 (40.
exf6 Nxd6 41. Kxf3 Rxf6+ 42. Kg2 Ne4 43. Rxf6 Nxf6 44. a4 Nd5 45. axb5 Ne3+ $17
) 40... Ne4+ 41. Ke3 Rxe5 42. Nxe4 Rbe8 43. Kxf3 Rxe4 44. Rxa6 Re3+ 45. Kg2 Nc5
$15) 38... gxf3 39. Nxd6 Re6 40. Rxb7 Rxb7 41. Nxb7 Nxe4+ 42. Kg1 Rg6 43. Kh2
Rh6+ 44. Kg1 Rg6 $11) 37... Kg7 38. exd5 Kxh6 39. a4 Rxd5 (39... Nc5 40. axb5
axb5 41. Rxb5 Ra8 42. Rxf7 Ra2+ 43. Kg1 gxf3 44. Rxf3 Rxd5 $11) 40. axb5 axb5
41. Rxf7 $11) 37. Nh6+ $1 $16 Kg7 $8 38. Nxf7 (38. Rxf7+ $2 Kxh6 (38... Kg6 39.
Rxf6+ Kxf6 40. Ng4+ Kg5 41. Nxe5 dxe5 42. Rc1 Nd6 $132) 39. Rxf6+ Kg5 40. Rf4
Rc8 $44) 38... Nxe4+ (38... Ng4+ $142 39. Kxf3 $1 (39. Kg1 Kf6 $1 (39... f2+ $2
40. Kg2 Ne3+ 41. Kf3 Rf8 (41... Nxd5 42. Rxb7 Rxb7 43. Nxe5 Nc3 44. Rb3) 42.
Rxb7 Nxf1 (42... Nc4 43. Bxc4 bxc4 44. Rf1) (42... Nc2 43. Rc1 Nd4+ 44. Ke3
Nf5+ 45. Kd2) 43. Rxf1 Rxf7+ 44. Rxf7+ Kxf7 45. Rxf2 Re8 46. Rc2 Kf6 47. Kf4
$18) 40. Nxe5 Nxe5 $132) 39... Rf8 40. Rxb7 Nh6 41. Bh3 Rxf7+ 42. Rxf7+ Nxf7
43. Kf4 $16 {[%cal Gh3f5]}) (38... Ne8 39. Rd7 Kf6 (39... Nc5 40. Nxe5+ Nxd7
41. Nxd7 Rb7 42. Bh3) 40. Nxe5 Kxe5 41. Bxb5 $18) 39. Ke3 $1 $18 {[%csl Re4]} (
39. Kxf3 $4 Rf8) (39. Ke1 $4 f2+) (39. Kg1 $2 Kf6 (39... f2+ $2 40. Kg2 Kf6 41.
Nxe5 Kxe5 42. Re7+ Kf5 43. Bd3 Nbc5 44. Bxe4+ Nxe4 45. g4+ Kf4 46. Rb4 $18) 40.
Nxe5 dxe5 $132) 39... Rxd5 (39... Kf6 40. Nxe5 Kxe5 41. Re7+) (39... Rc8 40.
Rxb7 Nc5+ (40... Rc3+ 41. Kd4) 41. Nxe5+ Nxb7 42. Nxf3) 40. Nxd6+ Kf8 41. Nxe4
Nd6 42. Nxd6 Rxd6 43. Kxf3 1-0

[Event "Ciocaltea Memorial"]
[Site "Bucharest"]
[Date "1998.??.??"]
[Round "2"]
[White "Marin, Mihail"]
[Black "Florean, Andrei"]
[Result "1-0"]
[WhiteElo "2545"]
[BlackElo "2455"]
[Annotator "Marin,M"]
[PlyCount "95"]
[EventDate "1998.02.??"]
[EventType "tourn"]
[EventRounds "13"]
[EventCountry "ROU"]
[EventCategory "11"]
[SourceTitle "CBM 064"]
[Source "ChessBase"]
[SourceDate "1998.06.02"]
[SourceVersion "1"]
[SourceVersionDate "1998.06.02"]
[SourceQuality "1"]

1. Nf3 {Huzman} d6 2. d4 Nf6 3. c4 g6 4. g3 Bg7 5. Bg2 O-O 6. O-O c5 7. Nc3 Nc6
8. d5 Na5 9. Nd2 a6 10. Qc2 Rb8 11. b3 b5 12. Bb2 bxc4 13. bxc4 Bh6 14. f4 e5
15. dxe6 Bxe6 16. Nd5 Rxb2 (16... Bxd5 {Huzman} 17. cxd5 Ng4 18. Nb3 f5 $5 19.
h3 Nf6 20. Nd2 $1 $16) 17. Qxb2 Bg7 18. Qc1 {Even if I played this variation
with black in my younger days, I didn't really understand, what is the idea
behind banishing the knight on a5 and then exchanging a lot of (active) pieces.
-ECO E66/(101)} (18. Qc2 {Huzman} Nxd5 19. cxd5 Bxa1 20. Rxa1 Qf6 21. Rd1 Qd4+
22. Kh1 Bf5 $1 23. Be4 $2 Nc4 $1 24. Qd3 Qxd3 25. exd3 Bg4 $17 {Georgiev,
Kir-Piket,Je Amsterdam-2 1985}) (18. Qa3 {Huzman} Nxc4 19. Nxc4 Nxd5 20. Rac1
Nb4 21. Rfd1 d5 22. Kh1 dxc4 $1 23. Rxd8 Rxd8 $44) 18... Nxd5 $6 (18... Bxd5 {
Huzman} 19. Bxd5 (19. cxd5 Ng4 20. Rb1 (20. Ne4 Ne3 21. Rf3 Nac4 22. Rb1 Re8
23. Nd2 Nb6 24. Qa3 Bd4 25. Qxa6 Nbxd5 $44 {0-1 Filippov,V-Fedorov,A/Minsk
1996 (36)}) 20... Ne3 (20... Bd4+ 21. Kh1 Ne3 (21... Nf2+ 22. Rxf2 Bxf2 23. e4
(23. Nf3 $1 $16 {[%cal Ge2e5]}) (23. Qb2 $6 Bd4 24. Qb6 Qxb6 25. Rxb6 c4 $17)
23... Qc7 24. e5 dxe5 25. Ne4 Bd4 26. d6 Qd8 27. fxe5 $16 {1-0 Wolter,
K-Stoeber,M/NRW-II 1993 (32)}) 22. Qa3 Re8 {/\Ng2} (22... Nxf1 23. Bxf1 Re8 24.
e4 {><a6,a5}) 23. Qd3 $5 Qa8 $1 $44 {1-0 Jussupow,A-Kindermann,S/Baden Baden
1992 (34)}) 21. Re1 (21. Rf3 Re8 22. Nf1 Nxg2 23. Kxg2 Rxe2+ 24. Rf2 Qe8 25.
Rxe2 Qxe2+ 26. Kh3 $17 {Unzicker,W-Kindermann,S/BL9697 1996/1/2-1/2 (61)})
21... Re8 22. Bf3 g5 23. fxg5 Qxg5 24. Qa3 {1/2-1/2 Schlemmermeyer,W-Neurohr,S/
BL8990 1990} (24. Qa3 Nec4 25. Nxc4 {1/2-1/2 Slipak,S-Tkachiev,V/Villa
Martelli 1997})) 19... Ng4 (19... Nxd5 20. cxd5 Qf6 (20... Bd4+ 21. Kh1 (21.
Kg2 Qe8 22. e4 Bxa1 23. Qxa1 Nc4 24. Qc3 Nxd2 25. Qxd2 Qxe4+ $19 {0-1 Stohl,
I-Babula,V/Zlin 1995 (32)}) 21... Qa8 22. e4 f5 23. Rb1 fxe4 24. Nxe4 Qxd5 25.
Qc2 Nc4 26. Rfe1 Ne3 27. Qb3 c4 28. Qb7 $16 {1-0 Stohl,I-Babula,V/CZE-chT 9697
1997 (53)}) (20... Bxa1 21. Qxa1 Re8 22. e4 Qc7 {[#]} 23. e5 dxe5 24. Ne4 Kg7
25. d6 Qc6 26. fxe5 Qxe4 27. e6+ Kh6 28. Qc1+ g5 29. h4 Qe5 30. Qxg5+ {1-0
Izeta Txabarri,F-Agnos,D/Paris op 1996}) (20... Qe7 21. Rb1 Qxe2 22. Qd1 Qe3+
23. Kh1 c4 24. Re1 Qa3 25. Ne4 Rc8 26. Rb6 c3 27. Qd3 $16 {Stohl,I-Kindermann,
S/BL9697 1997/1/2-1/2 (60)}) 21. Qc2 (21. Rb1 Qd4+ 22. Kg2 Qxd5+ 23. Nf3 Qxa2
$15 {Izeta,F-Mecking,H/Linares op ;EXP 45 1995 (25)}) 21... Qd4+ 22. Kg2 Re8
23. e4 f5 24. Rad1 fxe4 25. Rfe1 e3 26. Nf1 Qc4 27. Qxc4 Nxc4 28. Rc1 Re4 29.
Kf3 Rd4 30. Nxe3 $16 {1-0 Izeta Txabarri,F-Pavlovic,M/Ubeda op 1997 (43)}) 20.
Rb1 Ne3 21. Re1 Re8 22. Nf3 h6 23. h3 g5 24. fxg5 hxg5 25. Qd2 g4 26. hxg4
Naxc4 27. Bxc4 Nxc4 28. Qf4 $16 {1-0 Ornstein,A-Danailov,S/Pamporovo 1981 (36)}
) (18... Ng4 {Huzman} 19. Rb1 (19. Bf3 Bxd5 20. Bxd5 Ne3 21. Re1 Bxa1 22. Qxa1
Nc2 23. Qc3 Nxe1 24. Ne4 Nc2 25. Nf6+ Kh8 26. Nd7+ Nd4 27. Nxf8 f6 {Mena,
A-Cabezas Ayala,I/ESP-chTA 1996/0-1 (61)} (27... Kg8 $17)) 19... Re8 20. e4
Bd4+ 21. Kh1 Nf2+ 22. Rxf2 Bxf2 23. Nf3 Bd4 24. Nxd4 cxd4 25. Qd2 (25. Qc2 Bxd5
26. cxd5 $16) 25... Nxc4 26. Qxd4 Bxd5 $10 {/\Ne3 Ribli ECO}) 19. cxd5 Bxa1 (
19... Bg4 {Huzman} 20. Re1 Re8 21. e3 c4 22. Rb1 c3 23. Nf1 Nc4 24. e4 Bd4+ 25.
Kh1 Qa5 26. h3 Bd7 $44 {1/2-1/2 Wilhelmi,C-Penzold,A/BL2-N9697 1997 (41)}) 20.
Qxa1 Bg4 (20... Bf5 {Huzman} 21. e4 $16) 21. Re1 (21. e4 $143 {[%csl Re4]
Huzman}) 21... f6 22. Qc3 Qc7 23. h3 Bc8 (23... Bd7 24. Ne4 Kg7 25. g4 $18) 24.
Ne4 Qd8 $8 25. Nxd6 {A pawn is a pawn, but it was not easy for me to decide
exchanging this knight for the spectator on a5.} Qxd6 26. Qxa5 g5 $132 27. Qd2
gxf4 28. Qxf4 $6 (28. gxf4 $16 f5 29. Qe3 $1 {Florean}) 28... Qb6 (28... Qxf4 {
Huzman} 29. gxf4 {[%cal Ge2e5]} f5 30. Rc1 $18) 29. Rc1 Bd7 30. Kh2 Rc8 31. Rc4
Re8 32. d6 $6 (32. Re4 $142) 32... Qb2 (32... Rxe2 33. Qxf6 Qc6 34. Qg5+ (34.
Qf1 Rb2 $13 (34... Rxa2 $2 35. Rg4+ Bxg4 36. Qc4+ Kg7 37. Qxa2 Qxd6 38. hxg4
$16)) 34... Kh8 (34... Kf7 35. Rf4+) 35. Qd8+ Kg7 (35... Be8 36. Qf6+ Kg8 37.
Rg4+ Bg6 38. Rxg6+ hxg6 39. Qxg6+ Kf8 40. Qh6+ {and black will soon lose his
rook.}) 36. Qg5+ (36. Qe7+ $2 Rxe7 37. Bxc6 Re2+ 38. Bg2 Bc6)) 33. Bd5+ Kg7 34.
Re4 $18 Rxe4 35. Qxe4 Qe5 $8 36. Qxe5 fxe5 37. g4 Kf6 38. Kg3 Bb5 39. Kf3 c4 (
39... Bd7 {Huzman} 40. Be4 h6 41. Bf5 $18) 40. h4 h6 (40... c3 41. g5+ Kg7 42.
Be4 $18) 41. Ke4 (41. g5+ hxg5 42. hxg5+ Kxg5 43. Bxc4 Bc6+ 44. Ke3 a5 $16 {
It would be not easy to penetrate with the king.}) 41... c3 42. Bb3 Bd7 (42...
Bc6+ 43. Kd3 Bd7 44. Kxc3 Bxg4 45. e4 a5 46. Kc4 $18) 43. g5+ hxg5 44. hxg5+
Kxg5 45. Kxe5 Kg6 46. e4 a5 47. a4 Kg5 48. Kd5 (48. Kd5 Kf6 49. e5+ Kf7 50. Bc2
$22 Be6+ 51. Kc6 Ke8 52. Kc7 Bg4 53. Bg6+ $18) 1-0

[Event "Chebanenco Memorial 1st"]
[Site "Kishinev"]
[Date "1998.02.15"]
[Round "7"]
[White "Rogozenco, Dorian"]
[Black "Fedorov, Alexei"]
[Result "1/2-1/2"]
[WhiteElo "2495"]
[BlackElo "2595"]
[Annotator "Stohl,I"]
[PlyCount "139"]
[EventDate "1998.02.09"]
[EventType "tourn"]
[EventRounds "9"]
[EventCountry "MDA"]
[EventCategory "12"]
[SourceTitle "CBM 064"]
[Source "ChessBase"]
[SourceDate "1998.06.02"]
[SourceVersion "1"]
[SourceVersionDate "1998.06.02"]
[SourceQuality "1"]

1. d4 {Huzman} Nf6 2. c4 g6 3. g3 Bg7 4. Bg2 O-O 5. Nc3 c5 6. Nf3 Nc6 7. O-O d6
8. d5 Na5 9. Nd2 a6 10. Qc2 Rb8 11. b3 b5 12. Rb1 $5 {Rogozenko's pet line.} ({
An interesting alternative to the main move} 12. Bb2 bxc4 13. bxc4 Bh6 14. f4
e5 15. dxe6 Bxe6 16. Nd5 Rxb2 17. Qxb2 Bg7 18. Qc1 Nxd5 $6 19. cxd5 Bxa1 20.
Qxa1 Bg4 21. Re1 f6 22. Qc3 Qc7 23. h3 Bc8 24. Ne4 Qd8 25. Nxd6 Qxd6 26. Qxa5
g5 27. Qd2 gxf4 28. Qxf4 $16 {Marin,M-Florean,A/Ciocaltea mem/1998/}) 12... h5
$5 {Fedorov's reaction is also untypical.} ({According to theory the best is} 
12... e5 13. cxb5 (13. e4 $5 {This move deserves serious attention, as White's
B is better placed on c1, than on b2 as in lines 12.Bb2 e5 13.e4.} Bd7 (13...
Qc7 14. Nd1 Bd7 15. Bb2 bxc4 16. bxc4 Bh6 17. f4 Nh5 18. Qc3 f6 19. Bf3 Ng7 20.
Be2 Rbe8 21. Ne3 f5 22. Bd3 fxe4 23. Nxe4 Nf5 24. Ng4 Bg7 25. fxe5 dxe5 26. Be2
h5 27. Ngf2 Nd4 28. Rbe1 Nb7 $13 {Lurje,P-Pirrot,D/St.Ingbert op/1995/}) (13...
Nh5 14. cxb5 axb5 15. b4 cxb4 16. Rxb4 Ba6 17. Qb1 Qe8 18. Re1 Bh6 19. Bf1 Bxd2
20. Bxd2 Nc4 21. Bh6 Ng7 22. Qc1 Qd7 23. a4 Rfc8 24. axb5 Bxb5 25. Nxb5 {
1-0,Bernal Moro,L-Garriga Nvalart,J/Benasque op/1995/}) (13... Bh6 14. cxb5
axb5 15. b4 cxb4 16. Rxb4 Ba6 17. Qb1 Nd7 18. Re1 Nc5 19. Bf1 f5 20. exf5 gxf5
21. Nxb5 e4 22. a4 Qf6 23. Bb2 Qg6 24. Qc2 Rb7 25. Bd4 Bxd2 26. Qxd2 Nab3 27.
Qf4 Nxd4 28. Rxd4 $16 {Cvitan,O-David,A/Cannes op/1996/}) (13... bxc4 14. bxc4
Bd7 15. Rxb8 Qxb8 16. Bb2 Bh6 17. Ncb1 Nh5 18. Bc3 Qc7 19. Qb2 Nb7 20. Na3 f5
21. Rb1 Bc8 22. exf5 gxf5 23. Qb6 Qe7 24. Re1 Nd8 25. Rxe5 $1 dxe5 26. Qxh6 $44
{->,Cvitan,O-Dirr,U/Bad Woerishofen op/1994/}) 14. Nd1 Ng4 $1 15. h3 Nh6 16.
Bb2 f5 17. exf5 Bxf5 18. Ne4 Qd7 19. Kh2 (19. Ne3 $142 $1 $13) 19... bxc4 20.
bxc4 Rb4 21. Ne3 Qa4 22. Rbc1 Qxa2 23. Bc3 Qxc2 24. Rxc2 Bxe4 25. Bxb4 (25.
Bxe4 Nxc4 $1) 25... Bxc2 26. Bxa5 Bd3 27. Rd1 e4 28. Rd2 Nf5 $19 {Cvitan,
O-Guid,M/Nova Gorica/1996/}) 13... axb5 14. b4 cxb4 15. Rxb4 Ba6 (15... Bf5 16.
e4 Bd7 17. Qb1 Qe8 18. Qd3 Qc8 19. Ba3 Qa6 20. Rfb1 Nb7 21. R4b3 Na5 22. Rb4
Nb7 23. R4b3 Na5 24. R3b2 Nc4 25. Nxc4 bxc4 26. Qc2 Ra8 27. Bb4 $14 {Nikolic,
P-Shirov,A/Monaco bl/1995/}) 16. Ba3 (16. Bb2 Qc7 17. Qb1 (17. Rb1 Bh6 18. e3
Rfc8 19. Qd1 Nc4 20. Ba1 Qa7 21. Kh1 Ng4 22. Qxg4 Nxd2 23. Rd1 Nc4 24. Qh4 Bg7
25. Ne4 $13 {1/2,Sorokin,M-Fiorito,F/Villa Gesell Clarin fin/1997/}) 17... Bh6
18. Nde4 Nxe4 19. Nxe4 Nc4 20. Bc1 Bg7 21. Nc3 f5 22. Nxb5 Qc5 23. a4 e4 24.
Bf4 Na3 25. Bxd6 Qxd6 26. Nxd6 Nxb1 27. Rfxb1 Rxb4 28. Rxb4 {Tukmakov,V-Shaked,
T/Biel op/1995/} Bxe2 $44) 16... Qc7 (16... Qd7 17. Qb1 Rb7 18. Rc1 Rfb8 19. e3
Nc4 20. Nxc4 bxc4 21. Rxb7 Rxb7 22. Qc2 Ne8 23. e4 Bf6 24. Rb1 Kf8 25. Rxb7
Qxb7 26. Qa4 Bg5 27. Qc6 $16 {Rogozenko,D-Nevednichy,V/Bucharest Ciocaltea/
1995/}) 17. Qd3 Rfc8 (17... Nd7 18. Nxb5 Qb6 19. Rfb1 Nc5 20. Qc2 Bxb5 21. Rxb5
Qxb5 22. Rxb5 Rxb5 23. Ne4 Nab7 24. Bxc5 Rxc5 25. Nxc5 Nxc5 26. e4 Ra8 27. Bf1
Ra4 28. Bc4 Bf6 29. Kf1 Kg7 $44 {Gavrikov,V-Gelfand,B/Horgen CS/1994/}) 18. Rc1
Nb7 19. Nxb5 Qxc1+ 20. Bxc1 Rxc1+ 21. Nf1 Nc5 22. Qd2 Rxb5 23. Rxb5 Rxf1+ 24.
Bxf1 Bxb5 25. Qa5 Bd7 26. Qd8+ Ne8 27. e3 Bf8 28. g4 h6 29. h4 $13 {Rogozenko,
D-Salai,L/Jerevan olm/1996/}) 13. Bb2 {White probably shouldn't ignore the
sally of the Ph5, as on h3 it will cause great problems later on.} (13. h3 $5
e5 (13... Bd7 14. Bb2 Qc8 15. Kh2 bxc4 16. bxc4 h4 17. g4 Bxg4 18. hxg4 Qxg4
19. Bh3 Qf4+ 20. Kh1 Ng4 21. Bxg4 Qxg4 22. Qd3 Be5 23. Nd1 Bf4 24. Rg1 Bg3 25.
Kg2 h3+ 26. Kh1 {1-0,Nicula,M-Nisipeanu,D/ATI-Homorod-C/1993/}) 14. cxb5 (14.
e4 Bd7 15. Bb2 bxc4 16. bxc4 h4 17. f4 Nh5 18. Ne2 Bh6 19. Bc3 Rxb1 20. Qxb1
Nxg3 21. Nxg3 hxg3 22. fxe5 Be3+ 23. Kh1 Bxd2 24. Bxd2 Nxc4 25. Bf4 dxe5 26.
Bxg3 Nd2 27. Qc1 Nxf1 28. Bxe5 Qe7 29. Bf4 g5 30. Bxg5 Ng3+ 31. Kh2 Qe5 {
0-1,Tibensky,R-Balogh,T/SVK-ch/1993/}) 14... axb5 15. b4 cxb4 16. Rxb4 Bd7 17.
Qd3 Qc8 18. Kh2 Qc5 19. a3 Rfc8 20. Nde4 Nxe4 21. Nxe4 Qc2 22. Nxd6 Rc3 23.
Qxc2 Rxc2 24. Rb2 Rxb2 25. Bxb2 Rb6 26. Bc3 Rxd6 27. Bxa5 Ra6 28. Bb4 Bf8 29.
f4 $16 {Lerner,K-Fedorov,A/Nikolaev zt/1995/}) 13... h4 (13... bxc4 {Huzman}
14. bxc4 h4 15. Nce4 hxg3 16. hxg3 Nxe4 17. Bxe4 Bxb2 18. Rxb2 Rxb2 19. Qxb2 e5
20. dxe6 Bxe6 21. Bd5 Bxd5 22. cxd5 Qb8 23. Qf6 $16 {1-0 Vescovi,G-Tirard,H/
WchJM U20 1996 (40)}) 14. Nce4 (14. e4 bxc4 15. bxc4 e5 16. Ne2 h3 17. Bh1 Ng4
18. Bc3 Rxb1 19. Rxb1 Bd7 20. Qb2 Bh6 21. f4 exf4 22. Nxf4 Ne5 $13 {Gauglitz,
G-Haba,P/Halle/1987/}) (14. Nd1 e5 (14... bxc4 15. bxc4 h3 16. Bh1 Bd7 17. Ne3
Qc7 18. Bc3 Ng4 19. Nxg4 Bxg4 20. Bxg7 Kxg7 21. Qc3+ Kg8 22. Bf3 Bd7 23. e4 e5
24. Be2 Rb4 25. a3 $16 {Trifunovic,A-Moss,R/Hastings Challengers/1996/}) 15. e4
Bh6 16. Bc3 bxc4 (16... h3 $142 17. Bh1 Ng4 $132) 17. bxc4 Rxb1 18. Qxb1 hxg3
19. hxg3 Bg4 20. Qd3 Nh5 21. Ne3 Bd7 22. Rb1 {[%csl Ra5]} f5 23. exf5 gxf5 24.
Qe2 Be8 25. Bh3 $16 {Cvitan,O-Giertz,N/Mendrisio op/1988/}) 14... Bf5 $146 (
14... Nxe4 $143 15. Bxe4 Bxb2 (15... e5 $6 16. dxe6 Bxe6 17. Bxg7 Kxg7 18. Qc3+
Kg8 19. Bd5 Bxd5 20. cxd5 Re8 21. e4 Nb7 22. Rbe1 hxg3 23. hxg3 Re7 24. f4 Qf8
25. e5 f5 26. exf6 Rxe1 27. Rxe1 Re8 28. Ne4 Nd8 29. f7+ {1-0,Morovic
Fernandez,I-Arancibia,E/Santiago zt/1995/}) 16. Rxb2 f5 17. Bd3 e5 18. dxe6
Bxe6 19. cxb5 axb5 20. b4 Nc6 21. bxc5 Nd4 22. Qc1 dxc5 23. Qxc5 Qf6 24. Rb4
Rfd8 25. Qc1 Bxa2 26. Qb2 Bf7 27. Rc1 hxg3 28. hxg3 Qd6 29. e3 Ne6 30. Rh4 Ng7
31. Rd4 Qb6 32. Nf3 $36 {[%csl Re5,Rg8][%cal Ga1h8] ><e5,Kg8,/^a1-h8,Rohde,
U-Rust Lux,K/RLNS/1989/}) (14... h3 $5 15. Nxf6+ exf6 16. Bh1 f5 $13) 15. Nxf6+
Bxf6 16. e4 (16. Be4 $6 Bxe4 17. Qxe4 Bxb2 18. Rxb2 bxc4 19. Nxc4 Rb4 $15)
16... Bd7 17. cxb5 $2 {A strategic mistake.} (17. Bxf6 $142 exf6 18. f4 $14 {
[%csl Ra5,Gc4,Gd5,Ge4,Gf4] [+],פa5}) (17. f4 {Huzman} Bxb2 18. Rxb2 $36 {
[%cal Ge4e5]}) 17... axb5 (17... Bxb5 {Huzman} 18. Rfe1 $16 {[%csl Ra5][%cal
Ge4e5]}) 18. e5 Bxe5 $8 (18... Bg7 19. f4 $36 (19. e6 $16 {Huzman})) 19. Bxe5
dxe5 20. Qxc5 h3 21. Bh1 (21. Bf3 $5) 21... Bf5 22. Rbc1 f6 $36 {[%csl Rg1,Gh3]
עg1,Ph3 After the dissolution of his pawn center White suddenly has to be
careful about his K.} (22... Qd6 $5 {[%cal Yf8c8] Huzman} 23. Ne4 $140 Bxe4 24.
Bxe4 Nc4 $1 $132 {[%cal Yc4d2,Yc4d6]}) 23. Qb4 Nb7 $1 {The best chance.} (23...
Qd6 $6 24. Qxd6 exd6 25. Be4 Rfc8 26. Bxf5 gxf5 27. f4 $1 $14) 24. Qxb5 Nd6 25.
Qe2 (25. Qc5 {Huzman} Nb5 26. Nf3 Qd7 $132 {[%cal Yf8c8]}) 25... Nb5 $44 26.
Be4 (26. Nc4 $5 {Huzman} Nd4 27. Qd2 {[%cal Gf2f4]} Qc7 $132 28. f4 $140 Qa7 {
[%cal Ya7g1]}) (26. Nf3 {Huzman} Bg4) 26... Nd4 27. Qe3 Qa5 28. Rc4 (28. Bxf5
Nxf5 29. Qd3 Rfd8 $15) (28. Rfd1 {Huzman} Qxa2 (28... Kg7 $5 $44) 29. Ra1 Qb2
30. Rdb1 Qc3 $15) 28... Bxe4 (28... Qxa2 $6 29. Ra4 Qb2 30. d6 $1 $40 (30. Rb1
Qc3 $13)) 29. Nxe4 Qxa2 (29... Qxd5 $5 {[%cal Rf6f5] /\f5}) (29... Qxd5 $1 {
[%cal Yd5g2] Huzman} 30. f3 (30. f4 Ra8 31. fxe5 fxe5 $40) 30... Nf5 31. Qf2
Rfc8 {[%csl Rg1]}) 30. d6 $5 (30. Qh6 Rf7 $36 {[%cal Ra2e2] /\Qe2} (30... Rf7
$1 {Huzman} 31. Rc7 (31. Qxh3 Qxb3 32. Rc8+ Rxc8 33. Qxc8+ Kg7 $17) 31... Qxb3
32. Qxg6+ Kh8 $36) (30... Qe2 31. Qxg6+ Kh8 $11)) 30... exd6 (30... Nf5 $5 {
Huzman} 31. Qd3 exd6 (31... Qxb3 32. Qd5+ Kh8 33. Nc5 $132) 32. Nxd6 Qa8 $36)
31. Qh6 Qa7 $8 32. Qxg6+ (32. Nxd6 $143 Qh7 $17) 32... Qg7 33. Qxg7+ Kxg7 34.
Nxd6 Rfd8 (34... Rxb3 $36 {Huzman} 35. Rxd4 $1 exd4 36. Nf5+ Kg6 37. Nxd4 {
[%csl Rh3][%cal Gd4e2,Gd4e6,Ge6f4,Ge2f4]} Rb2 38. Ne6 Rh8 39. Nf4+ Kg5 40. f3
$1 $11) 35. Ne4 Rxb3 {Despite the simplification White's defensive task is not
easy, as his K is pinned to h1 and his pieces have no space. Black can try
various methods of strengthening his position.} 36. Nc5 Nf3+ 37. Kh1 Rb6 38.
Ra4 (38. Rc3 {Huzman} Nd2 39. Re1 (39. Rd1 $2 Ne4 $1) 39... e4 $36 {[%csl Rh1]}
) 38... Rd2 39. Ne4 Rdb2 40. Ra3 Rb1 41. Ra1 Rxf1+ {Black can hardly avoid
exchanging a pair of R.} (41... R1b3 $143 42. Rad1 $15 {[%cal Re4d2] /\Nd2})
42. Rxf1 f5 43. Nc3 Rb2 44. Nd1 Rd2 45. Ne3 Kg6 46. Nd1 e4 $2 {This move
shortens black's options unecessarily and weakens the Pf5.} (46... f4 $142 47.
Nc3 Kf5 {[%cal Rd2c2,Rf5d3] /\Rc2,Ke4-d3-/+}) 47. Ne3 Kg5 48. Nd1 Kf6 (48... f4
49. gxf4+ Kxf4 50. Ne3 $15) 49. Ne3 Ke6 50. Nd1 Rc2 51. Ne3 Ra2 52. Nd1 Nd2 (
52... Kd5 53. Ne3+ {[%csl Rf5] <=>><f5}) 53. Rg1 $1 Nc4 {[%cal Re6d3] /
\Kd5-d4-d3} 54. g4 $1 {The defense finally triumphs and White frees himself
from his cage.} Rc2 (54... f4 55. Nc3 $1 Rxf2 56. Nxe4 $11 {[%cal Re4g5,Rg5h3]
/\Ng5-h3}) 55. gxf5+ Kxf5 56. Ne3+ $1 Nxe3 57. fxe3 Re2 58. Rf1+ (58. Rg3 {
Huzman} Re1+ 59. Rg1 Rxe3 $19) 58... Ke5 (58... Kg5 {Huzman} 59. Kg1 Rxe3 60.
Rf8 Re2 (60... Ra3 61. Kf2 $11) 61. Rf2 $1 $11) 59. Kg1 Rxe3 (59... Rg2+ 60.
Kh1 Kd5 61. Rd1+ $11) 60. Rf8 Re2 61. Rf2 $1 $11 {The advanced Ph3 has also
it's disadvantages, as the pawn _|_ is drawn. Therefore Black has to release
White's K.} (61. Rh8 $143 e3 62. Rxh3 Ke4 $36) 61... Re3 (61... Re1+ 62. Rf1
$11) (61... Rxf2 62. Kxf2 Kf4 63. Ke2 e3 64. Ke1 $8 Kf3 65. Kf1 $11) 62. Rf8
Rd3 (62... Kd4 63. Kf2 $11) 63. Kf2 Rd2+ (63... Kd4 64. Ke2 $11 (64. Rd8+ Kc3
65. Re8 $1 $11)) 64. Ke3 Rxh2 65. Re8+ Kf5 66. Rxe4 ({Even more convincing is} 
66. Re5+ $5 Kg6 (66... Kxe5 $11) 67. Rxe4 Ra2 68. Kf3 $11) 66... Ra2 67. Rh4
Kg5 68. Rh8 (68. Rxh3 $4 Ra3+ $19) 68... Kg4 69. Rg8+ Kh4 70. Kf3 (70. Rh8+ Kg3
71. Rg8+ Kh2 72. Kf3 Rg2 73. Rh8 $11) (70. Kf3 $142 h2 71. Rh8+ Kg5 72. Kg3 $11
) 1/2-1/2